000 00585nam a2200181Ia 4500
999 _c22664
_d22664
003 OSt
005 20200512135025.0
008 190216s9999||||xx |||||||||||||| ||und||
020 _a9788172314651
040 _coclc
082 _a297.082
_bANS/W
100 _aAnsari, Maulana Saeed Ahmed
_92233
245 0 _aWomen Companions Of The Holy Prophet And Their Sacred Lives /
_cMaulana Saeed Ahmed Ansari
260 _bIslamic Book Service,
_aNew Delhi:
_c2003.
300 _a286p
650 _aIslamic History
942 _cBK
_2ddc
_h297.082
_iANS/W
_k297.082
_mANS/W